50è aniversari de l'escola superior d'assistents socials del ICESB : 1932-33/1982-83 1932-33/1982-83
Publicado:
[Barcelona] :
Institut d'Estudis Socials de Barcelona, Escola Superior d'Assistents Socials ,
1983
Descripción Física:
[1] p, [6] fulls plegats : il. ; 30 cm
Materias:
Treball social -- Exposicions
MARC
| LEADER | 00000nam a2200000Ia 4500 | ||
|---|---|---|---|
| 001 | 15896 | ||
| 003 | BGR | ||
| 005 | 20260324180121.0 | ||
| 008 | 160829s1983 xx 000 0 cat d | ||
| 080 | |a FU-40-4 | ||
| 110 | 2 | |a Institut Catòlic d'Estudis Socials de Barcelona |9 71072 |b Escola Superior d'Assistents Socials | |
| 245 | |a 50è aniversari de l'escola superior d'assistents socials del ICESB : |b 1932-33/1982-83 | ||
| 260 | |a [Barcelona] : |b Institut d'Estudis Socials de Barcelona, Escola Superior d'Assistents Socials, |c 1983 | ||
| 300 | |a [1] p, [6] fulls plegats : |b il. ; |c 30 cm | ||
| 590 | |a Conté: Exposició sobre mig segle de treball social, celebrada del 16 al 30 de maig. | ||
| 590 | |a Prové de G-569, exp. 38. | ||
| 650 | |a Treball social |x Exposicions |9 46888 | ||
| 901 | |a Arxiu | ||
| 942 | |n 1 |2 udc |c MON | ||
| 952 | |0 0 |1 0 |4 0 |6 FU404 |7 1 |9 53512 |a Arxiu |b Arxiu |d 2016-12-01 |l 0 |o FU-40-4 |p 15896 |r 2016-12-01 00:00:00 |w 2016-12-01 |y ARXIU | ||
| 999 | |c 57378 |d 57378 | ||